| 000 | 01131nam a2200349 i 4500 | ||
|---|---|---|---|
| 001 | 000030461 | ||
| 003 | DO-SdBNP | ||
| 005 | 20260428143658.0 | ||
| 007 | ta | ||
| 008 | 110517s2010 dr r 001 0 spa d | ||
| 020 | _a9789945163926 | ||
| 040 |
_aDO-SdBNP _bspa _cBNPHU _erda |
||
| 041 | _aspa | ||
| 082 | 4 |
_a220.6 _bH344L _222 |
|
| 100 |
_aHasbún Romero, Nazareth, _eautor _4aut. _957093 |
||
| 245 | 1 | 0 |
_aA la luz de la verdad : _bla Biblia / _cNazareth Hasbún Romero. |
| 264 | 1 |
_aSanto Domingo : _bBúho, _c2010. |
|
| 300 |
_avolumenes ; _c22 cm. |
||
| 336 |
_atexto _btxt _2rdacontent |
||
| 337 |
_asin mediación _bn _2rdamedia |
||
| 338 |
_avolumen _bnc _2rdacarrier |
||
| 500 | _aLa biblioteca posee v.1. | ||
| 500 | _aIncluye datos biografícos del autor en la solapa de la portada. | ||
| 504 | _aBibliografía : páginas 83-85. | ||
| 590 | _aInventariado, 2018/BT | ||
| 650 | 4 |
_aInterpretación de la biblia _91107 |
|
| 650 | 4 |
_aEducación cristiana _911641 |
|
| 650 | 4 |
_aEnseñanza bíblica _915358 |
|
| 650 | 4 |
_aEducación religiosa _9682 |
|
| 910 | _aValidado. Control de calidad. EMS | ||
| 942 |
_2ddc _cLBS1 |
||
| 999 |
_c29953 _d29953 |
||